[Event "XIII TCh-RUS"]
[Site "Sochi RUS"]
[Date "2006.04.30"]
[Round "11"]
[White "Inarkiev,E"]
[Black "Deviatkin,A"]
[Result "0-1"]
[WhiteElo "2602"]
[BlackElo "2531"]

1.d4 d5 2.c4 c6 3.Nc3 Nf6 4.e3 e6 5.Nf3 Nbd7 6.Qc2 Bd6 7.g4 h6 8.Bd2 b5 9.cxb5 c5
10.g5 hxg5 11.Nxg5 Bb7 12.O-O-O Rc8 13.Rg1 Qe7 14.h3 Nb6 15.Kb1 Kf8 16.Qd3 Nc4
17.Bc1 cxd4 18.exd4 Rh4 19.Nf3 Rh8 20.Ng5 Rh4 21.Nf3 Rh8 22.Nd2 Nxd2+ 23.Rxd2 Ne4
24.Rc2 Bb4 25.Nxe4 Rxc2 26.Kxc2 dxe4 27.Qg3 g6 28.Bg5 Qd6 29.a3 Qxg3 30.fxg3 Be7
31.Be3 Kg7 32.h4 g5 33.Be2 f5 34.Kd2 Bd5 35.hxg5 Kg6 36.a4 Rc8 37.Bf4 Bb4+
38.Ke3 Rc2 39.b3 Rb2 40.Kf2 Rxb3 41.Rc1 Bc3 42.Be3 Ra3 43.Rh1 Ra2 44.Rh6+ Kg7
45.Kf1 Ra1+ 46.Kg2 Bd2 47.Kf2 Be1+ 48.Kg2 Ra2 49.Kf1 Bxg3 50.Bh5 Bc4+ 51.Kg1 Be2
52.Rg6+ Kf8 53.Rf6+ Ke7 54.Rf7+ Ke8 55.Bg6 Kd8 56.d5 Bf3 57.Bd4 e3 58.d6 Rg2+
59.Kf1 e2+  0-1

[Event "14th Sigeman & Co"]
[Site "Malmo SWE"]
[Date "2006.05.02"]
[Round "5"]
[White "Atalik,S"]
[Black "Hillarp Persson,T"]
[Result "1/2-1/2"]
[WhiteElo "2632"]
[BlackElo "2524"]

1.d4 d5 2.c4 c6 3.Nc3 Nf6 4.e3 e6 5.Nf3 a6 6.c5 Nbd7 7.b4 g6 8.Bd3 Bg7 9.O-O O-O
10.Na4 Re8 11.Bb2 e5 12.dxe5 Ng4 13.e6 fxe6 14.h3 Bxb2 15.Nxb2 Ngf6 16.Qc2 Rf8
17.Qc3 a5 18.a3 Qe7 19.Ne5 Nxe5 20.Qxe5 Nd7 21.Qc3 e5 22.e4 axb4 23.axb4 Rxa1
24.Rxa1 Qh4 25.Nd1 dxe4 26.Bf1 Kg7 27.b5 Qe7 28.bxc6 bxc6 29.Ra7 Kh8 30.Rc7 Qxc5
31.Rxc6 Qxc3 32.Nxc3 Nf6 33.Rc5 Re8 34.Bb5 Bd7 35.Bxd7 Nxd7 36.Rc6 e3 37.fxe3 e4
38.Nd5 Re5 39.Rd6 Nc5 40.Nf4 Kg7 41.Rc6 Nd3 42.Rc7+ Kg8 43.Ne2 h5 44.h4 Ra5
45.Nc3 Ra1+ 46.Kh2 Rc1 47.Kg3 Kf8 48.Rc8+ Kg7 49.Rc7+ Kf8 50.Rc8+ Kg7 51.Rc7+  1/2-1/2

[Event "IV Regina Helena Marques Prol"]
[Site "Santos BRA"]
[Date "2006.05.03"]
[Round "6"]
[White "Santos,MVM"]
[Black "Maia,L"]
[Result "1/2-1/2"]
[WhiteElo "2369"]
[BlackElo "2317"]

1.d4 d5 2.c4 c6 3.Nc3 Nf6 4.e3 e6 5.Nf3 Nbd7 6.Bd3 dxc4 7.Bxc4 b5 8.Bd3 a6
9.e4 c5 10.d5 c4 11.dxe6 fxe6 12.Bc2 Qc7 13.O-O Bb7 14.Nd4 Nc5 15.Be3 e5
16.Nf5 Rd8 17.Qf3 Bd6 18.Rad1 O-O 19.Nxd6 Rxd6 20.Rxd6 Qxd6 21.Rd1 Nd3 22.Qe2 Nxe4
23.Bxd3 cxd3 24.Qxd3 Qxd3 25.Rxd3 Nxc3 26.Rxc3 Rd8 27.Rc1  1/2-1/2

[Event "Open B"]
[Site "Djakovo CRO"]
[Date "2006.05.04"]
[Round "7"]
[White "Ribicic,M"]
[Black "Kozarcanin,S"]
[Result "0-1"]
[WhiteElo "2204"]
[BlackElo "2232"]

1.d4 d5 2.c4 c6 3.e3 Nf6 4.Nc3 e6 5.Nf3 Bd6 6.Ne5 O-O 7.Bd3 Bxe5 8.dxe5 dxc4
9.Bxc4 Qxd1+ 10.Nxd1 Nfd7 11.f4 b6 12.Nf2 Ba6 13.Bb3 Nc5 14.Bc2 Rd8 15.e4 Bd3
16.Bxd3 Nxd3+ 17.Nxd3 Rxd3 18.Ke2 Rd7 19.Be3 Na6 20.g4 Rad8 21.a3 Nc5 22.b4 Nxe4
23.Rhc1 h5 24.gxh5 Rd3 25.Rxc6 Nc3+ 26.Kf2 Nd1+ 27.Rxd1 Rxd1 28.a4 Ra1 29.a5 bxa5
30.Ra6 Ra2+ 31.Ke1 Ra3 32.Bxa7 axb4  0-1

[Event "RC SPORT Open"]
[Site "Usti nad Orlici CZE"]
[Date "2006.05.05"]
[Round "8"]
[White "Jedlicka,A"]
[Black "Chladek,Va"]
[Result "0-1"]
[WhiteElo "2275"]
[BlackElo "2160"]

1.d4 Nf6 2.c4 c6 3.Nf3 d5 4.Nc3 e6 5.e3 Be7 6.Bd3 b6 7.O-O O-O 8.Qe2 Nbd7
9.Rd1 Bb7 10.b3 Rc8 11.Bb2 Qc7 12.Rac1 c5 13.cxd5 exd5 14.Bf5 Rcd8 15.Ne5 Rfe8
16.Nb5 Qb8 17.Nxd7 Nxd7 18.Bxd7 Rxd7 19.dxc5 Bxc5 20.Qg4 f5 21.Qxf5 Rf7 22.Qg4 Re4
23.Qg3 Qf8 24.Bd4 Re6 25.b4 Rg6 26.Qxg6 hxg6 27.bxc5 Rxf2 28.c6 Bc8 29.Rf1 Rxf1+
30.Rxf1 Qe7 31.Rc1 Qb4 32.Nc7 Bf5 33.Nxd5 Qd2 34.Rf1 Be4 35.Rf2 Qd1+ 36.Rf1 Qc2
37.Rf2 Qb1+ 38.Rf1 Qxa2 39.Ne7+ Kh7 40.Rf2 Qb1+ 41.Rf1 Qa2 42.Rf2 Qe6 43.c7 Bb7
44.c8=Q Bxc8 45.Nxc8 Qxc8 46.Rf7 a5 47.Rxg7+ Kh6 48.Ra7 b5 49.h3 a4 50.Kh2 Qc6
51.g4 g5 52.Rf7 Qd6+ 53.Kg2 Qd5+ 54.Rf3 a3 55.Kf2 a2 56.Rf6+ Kh7 57.Ra6 b4
58.Ra7+ Kg8 59.Kg3 b3 60.h4 gxh4+ 61.Kxh4 Qd8+ 62.Kh5 Qb8 63.Rg7+ Kf8 64.Rh7 Qh2+
65.Kg6 Qd6+ 66.Kg5 Qxd4  0-1

[Event "President's Cup"]
[Site "Baku AZE"]
[Date "2006.05.06"]
[Round "3"]
[White "Idrisov,T"]
[Black "Kadimova,I"]
[Result "0-1"]
[WhiteElo "2059"]
[BlackElo "2310"]

1.d4 d5 2.c4 c6 3.Nc3 Nf6 4.Nf3 e6 5.e3 Nbd7 6.Bd3 dxc4 7.Bxc4 b5 8.Bd3 Bb7
9.O-O b4 10.Ne2 c5 11.Ng3 Be7 12.b3 O-O 13.Bb2 Qb6 14.Ne5 Rfd8 15.Qe2 a5
16.Rac1 a4 17.Nxd7 Nxd7 18.Ne4 axb3 19.axb3 Ra2 20.Rc2 f5 21.Nxc5 Nxc5 22.dxc5 Bxc5
23.Rfc1 Qd6 24.Bxf5 exf5 25.Rxc5 Rxb2 26.Qc4+ Bd5 27.Qh4 Bxb3 28.h3 Be6 29.Rc6 Qd2
30.Ra1 Ra2 31.Rb1 Bf7 32.Rxb4 Rf8 33.Rd4 Qe1+ 34.Kh2 Qxf2 35.Qg5 h6 36.Rxh6 Qxg2+  0-1

[Event "Geller Mem"]
[Site "Moscow RUS"]
[Date "2006.05.06"]
[Round "4"]
[White "Granovski,A"]
[Black "Saulin,D"]
[Result "1/2-1/2"]
[WhiteElo "2372"]
[BlackElo "2471"]

1.d4 Nf6 2.c4 e6 3.Nf3 d5 4.Nc3 c6 5.e3 Nbd7 6.b3 Bd6 7.Bb2 O-O 8.Be2 Qe7
9.O-O b6 10.Qc2 Bb7 11.Rad1 Rad8 12.Rfe1 c5 13.cxd5 exd5 14.Bf1 Rfe8 15.g3  1/2-1/2

[Event "FSGM May"]
[Site "Budapest HUN"]
[Date "2006.05.08"]
[Round "3"]
[White "Landenbergue,C"]
[Black "Brinck Claussen,B"]
[Result "1-0"]
[WhiteElo "2435"]
[BlackElo "2359"]

1.d4 d5 2.c4 c6 3.Nf3 Nf6 4.Nc3 e6 5.e3 Nbd7 6.b3 Bd6 7.Bd3 O-O 8.Bb2 dxc4
9.bxc4 e5 10.O-O Re8 11.Qc2 Qe7 12.Nd2 Nf8 13.Nde4 Nxe4 14.Bxe4 Qh4 15.d5 cxd5
16.Bxd5 Ne6 17.Ne4 Bc7 18.c5 Rd8 19.Rad1 Rb8 20.Nd6 Bxd6 21.cxd6 Qh5 22.Qe4 f6
23.f4  1-0

[Event "1st Open"]
[Site "d'Angers FRA"]
[Date "2006.05.08"]
[Round "5"]
[White "Loiret,S"]
[Black "Pierson,E"]
[Result "1-0"]
[WhiteElo "2231"]
[BlackElo "1905"]

1.Nf3 Nf6 2.c4 e6 3.d4 d5 4.Nc3 c6 5.e3 Be7 6.Qc2 Nbd7 7.Bd3 Qc7 8.O-O dxc4
9.Bxc4 O-O 10.a3 c5 11.Nb5 Qb6 12.dxc5 Qxc5 13.b4 Qh5 14.Bb2 b6 15.Be2 Ba6
16.Nfd4 Qg5 17.f4 Qh6 18.Nc6 Nd5 19.Nxe7+ Nxe7 20.Rf3 Rac8 21.Qa4 Nb8 22.Rh3 Qg6
23.Rg3 Qc2 24.Rxg7+ Kh8 25.Qxc2 Rxc2 26.Rxf7+ Rxb2 27.Rxf8+ Kg7 28.Rxb8 Rxe2
29.Nxa7 Nf5 30.b5 Nxe3 31.bxa6 Rxg2+ 32.Kh1  1-0

[Event "1st Open"]
[Site "d'Angers FRA"]
[Date "2006.05.08"]
[Round "6"]
[White "Veron,C"]
[Black "Giraud,T"]
[Result "1/2-1/2"]
[WhiteElo "2102"]
[BlackElo "1978"]

1.Nf3 d5 2.d4 Nf6 3.c4 e6 4.Nc3 c6 5.e3 Bd6 6.Qc2 Nbd7 7.b3 O-O 8.Bd3 Re8
9.O-O h6 10.Bb2 a6 11.Rad1 Qc7 12.h3 b6 13.cxd5 cxd5 14.Rc1 Bb7 15.Qe2 Qb8
16.Rc2 Rc8 17.Rfc1 Qa7 18.Na4  1/2-1/2

[Event "FSIMA May"]
[Site "Budapest HUN"]
[Date "2006.05.09"]
[Round "4"]
[White "Galyas,M"]
[Black "D'Innocente,S"]
[Result "1-0"]
[WhiteElo "2380"]
[BlackElo "2304"]

1.d4 d5 2.c4 c6 3.Nc3 Nf6 4.e3 e6 5.Nf3 Nbd7 6.Qc2 b6 7.b3 Bb7 8.Bd3 Be7
9.O-O O-O 10.Bb2 Rc8 11.Qe2 Qc7 12.Rad1 Rfe8 13.Ne5 dxc4 14.bxc4 Nf8 15.f4 c5
16.d5  1-0

[Event "XXXVI Bosnia GMB"]
[Site "Sarajevo BIH"]
[Date "2006.05.10"]
[Round "4"]
[White "Jankovic,A"]
[Black "Dizdarevic,E"]
[Result "1-0"]
[WhiteElo "2516"]
[BlackElo "2492"]

1.d4 d5 2.c4 c6 3.Nc3 Nf6 4.e3 e6 5.Nf3 Nbd7 6.Bd3 Bd6 7.e4 dxc4 8.Bxc4 b5
9.Bxe6 fxe6 10.e5 b4 11.Ne2 Be7 12.exf6 Nxf6 13.Nf4 Bd6 14.O-O Qc7 15.Nd3 O-O
16.Re1 Rb8 17.Bg5 Rb5 18.Bh4 Nh5 19.Bg3 Nxg3 20.hxg3 Rd5 21.Rc1 Qa5 22.Qb3 Qb5
23.Re4 a5 24.Nf4 Bxf4 25.gxf4 c5 26.Ng5 cxd4 27.Qh3 Rxg5 28.fxg5 Qd5 29.Rh4 Bb7
30.Rxh7  1-0

[Event "XXXVI Bosnia GMB"]
[Site "Sarajevo BIH"]
[Date "2006.05.11"]
[Round "5"]
[White "Milanovic,Da"]
[Black "Jankovic,A"]
[Result "1/2-1/2"]
[WhiteElo "2513"]
[BlackElo "2516"]

1.d4 d5 2.c4 c6 3.Nf3 Nf6 4.Nc3 e6 5.e3 Nbd7 6.Qc2 Bd6 7.g4 Nxg4 8.Rg1 f5
9.h3 Ngf6 10.Rxg7 Ne4 11.Bd2 Nf8 12.Rg2 Ng6 13.Be2 Nh4 14.Nxh4 Qxh4 15.O-O-O Bd7
16.Rh1 Nxd2 17.Qxd2 dxc4 18.f4 O-O-O 19.Bxc4 Rhg8 20.Rhg1 Rxg2 21.Qxg2 c5
22.Rd1 Kb8 23.Kc2 cxd4 24.Rxd4 Bc5 25.Rd3 Bc8 26.Rxd8 Qxd8 27.Qg3 a6 28.Qg7 Bxe3
29.Qe5+ Qc7 30.Qxe3 Qxc4 31.h4 Bd7 32.Qe5+ Qc7 33.Qh8+ Ka7 34.Qd4+ b6 35.b3 Bc6
36.Kd2 Qe7 37.h5 Qh4 38.Qg7+ Bb7 39.Qg5 Qf2+ 40.Kd3 Qf3+ 41.Kd2 Qf2+ 42.Kd3 e5
43.fxe5 f4 44.e6 f3 45.e7 Qf1+ 46.Kd2 Qf2+ 47.Kd3 Qf1+ 48.Kd2 Qf2+ 49.Kd3  1/2-1/2

[Event "ch-UKR sf"]
[Site "Alushta UKR"]
[Date "2006.05.19"]
[Round "7"]
[White "Tishin,D"]
[Black "Rudak,V"]
[Result "1/2-1/2"]
[WhiteElo "2316"]
[BlackElo "2342"]

1.d4 d5 2.c4 c6 3.Nf3 Nf6 4.e3 e6 5.Nc3 Nbd7 6.Qc2 Bd6 7.Bd3 O-O 8.O-O dxc4
9.Bxc4 e5 10.Rd1 Qe7 11.h3 e4 12.Ng5 Nb6 13.Bb3 Bf5 14.f3 Rae8 15.Ngxe4 Nxe4
16.fxe4 Bxe4 17.Nxe4 Qxe4 18.Qxe4 Rxe4 19.Rf1 Re7 20.Bd2 Nd5 21.Rf3 Rfe8
22.Raf1 Rd7 23.g4 h6 24.Kg2  1/2-1/2

[Event "37th Olympiad w"]
[Site "Turin ITA"]
[Date "2006.05.22"]
[Round "2"]
[White "Zhao Xue"]
[Black "Houska,Jo"]
[Result "1-0"]
[WhiteElo "2423"]
[BlackElo "2378"]

1.d4 d5 2.c4 c6 3.Nc3 Nf6 4.Nf3 e6 5.e3 Nbd7 6.Qc2 Be7 7.b3 b6 8.Bd3 Bb7
9.O-O Qc7 10.Bb2 Rd8 11.Rac1 h6 12.Qe2 O-O 13.Bb1 Qb8 14.Qc2 Rfe8 15.Rfe1 Nf8
16.Ne5 dxc4 17.bxc4 c5 18.Rcd1 Qa8 19.f3 N6d7 20.Ng4 cxd4 21.exd4 Nf6 22.Nxf6+ Bxf6
23.Ne4 Be7 24.Qc3 f6 25.a4 Qc8 26.Ba2 Qc7 27.d5 a5 28.Qb3 f5 29.Ng3 exd5
30.Nxf5 Bc5+ 31.Kh1 Rxe1+ 32.Rxe1 d4 33.Bxd4 Bxd4 34.c5+ Kh7 35.Qg8+ Kg6
36.Nxd4 Qxc5 37.Bb1+ Kf6 38.Re6+ Nxe6 39.Qxe6+ Kg5 40.h4+  1-0

[Event "37th Olympiad w"]
[Site "Turin ITA"]
[Date "2006.05.23"]
[Round "3"]
[White "Khan,N"]
[Black "Rossinskaya,L"]
[Result "1-0"]
[WhiteElo "2087"]
[BlackElo "1931"]

1.d4 d5 2.Nf3 Nf6 3.c4 c6 4.Nc3 e6 5.e3 Nbd7 6.Qc2 Bd6 7.b3 Bb4 8.Bd2 Qe7
9.Bd3 g6 10.O-O O-O 11.Rfe1 a5 12.e4 dxe4 13.Nxe4 Nxe4 14.Bxe4 Bxd2 15.Qxd2 Qf6
16.Ne5 Qg7 17.Rad1 Nf6 18.Bb1 Nd7 19.Qe3 Nxe5 20.dxe5 f6 21.exf6 Qxf6 22.f3 Qb2
23.Re2 Qa3 24.Red2 a4 25.h4 axb3 26.axb3 Qe7 27.Rd4 Ra5 28.g3 Qc5 29.Kf2 e5
30.Rd8 Qxe3+ 31.Kxe3 Be6 32.Rxf8+ Kxf8 33.Kd2 Ke7 34.Kc3 b5 35.Kb4 Ra1 36.cxb5 cxb5
37.Bc2 Ra2 38.Rc1 Ra8 39.Be4 Rb8 40.Rc7+ Kf6 41.Rxh7 Rd8 42.Rb7 Rd4+ 43.Kc3 Rd8
44.Rxb5 Rh8 45.Rb6 Rd8 46.Bxg6  1-0

[Event "37th Olympiad w"]
[Site "Turin ITA"]
[Date "2006.05.23"]
[Round "3"]
[White "Koneru,H"]
[Black "Medic,Mir"]
[Result "1-0"]
[WhiteElo "2548"]
[BlackElo "2239"]

1.d4 d5 2.c4 e6 3.Nf3 c6 4.Nc3 Nf6 5.e3 Nbd7 6.Bd3 Bd6 7.O-O O-O 8.e4 dxe4
9.Nxe4 Nxe4 10.Bxe4 h6 11.Bc2 e5 12.Re1 Bb4 13.Bd2 Bxd2 14.Qxd2 exd4 15.Qxd4 Qf6
16.Qe4 g6 17.b3 Kg7 18.Rad1 Nc5 19.Qe3 Ne6 20.Ne5 Nf4 21.g3 Nh3+ 22.Kg2 Re8
23.f4 h5 24.c5 Be6 25.Rd6 Rad8 26.Red1 Rxd6 27.cxd6 h4 28.d7 Rh8 29.Be4 hxg3
30.hxg3 g5 31.d8=Q Rxd8 32.Rxd8 Qxd8 33.f5 Qd6 34.Ng4  1-0

[Event "I Magistral"]
[Site "Guarapari BRA"]
[Date "2006.05.24"]
[Round "3"]
[White "Asfora,M"]
[Black "Hungaski,R"]
[Result "0-1"]
[WhiteElo "2285"]
[BlackElo "2400"]

1.d4 d5 2.Nf3 Nf6 3.c4 e6 4.Nc3 c6 5.e3 Nbd7 6.Bd3 dxc4 7.Bxc4 b5 8.Bd3 Bb7
9.O-O a6 10.Qe2 c5 11.Rd1 Rc8 12.e4 cxd4 13.Nxd4 Bc5 14.Nb3 Be7 15.Bf4 O-O
16.e5 Nd5 17.Nxd5 Bxd5 18.Rac1 Rxc1 19.Rxc1 Bg5 20.Qe3 Bxf4 21.Qxf4 Qb8 22.Re1 f5
23.h4 Qb7 24.Bf1 Rc8 25.Re3 Nf8 26.Qd4 Qe7 27.g3 h6 28.Rc3 Rxc3 29.Qxc3 f4
30.Bg2 fxg3 31.fxg3 Bxg2 32.Kxg2 Qb7+ 33.Qf3 Qc7 34.Qe4 a5 35.Nd2 Qc1 36.Qd4 Qc2
37.Kh3 Qd1 38.Kg2 Qe2+ 39.Kg1 Ng6 40.Ne4 Qe1+ 41.Kg2 Qe2+ 42.Kg1 Qh5 43.Qd8+ Nf8
44.Qd4 Qf3 45.Kh2 Ng6 46.a3 Kh7 47.Kg1 Ne7 48.Nf2 Qxg3+ 49.Kf1 Nf5 50.Qc5 Qb3
51.Qc6 Nxh4 52.Qe4+ Nf5 53.Nd3 Qc2 54.Ke1 b4 55.axb4 axb4 56.Qe2 Qc4 57.Qd2 b3
58.Kd1 Qe4 59.Qc3 Ne3+ 60.Kd2 Nc4+ 61.Kc1 Qe3+ 62.Kb1 Nd2+  0-1

[Event "37th Olympiad w"]
[Site "Turin ITA"]
[Date "2006.05.24"]
[Round "4"]
[White "Geldyeva,M"]
[Black "Melnik,G"]
[Result "1-0"]
[WhiteElo "2274"]
[BlackElo "2079"]

1.d4 d5 2.c4 e6 3.Nc3 Nf6 4.Nf3 c6 5.e3 Nbd7 6.Be2 Bd6 7.O-O O-O 8.cxd5 exd5
9.Qc2 Re8 10.Bd3 Nf8 11.h3 Qe7 12.a3 Ne4 13.b4 a6 14.Bb2 Ng6 15.Rfe1 Nh4
16.Nxh4 Qxh4 17.Nxe4 dxe4 18.Bf1 Qg5 19.g3 Bf5 20.Rad1 Bg6 21.Qb3 Bxg3 22.fxg3 Qxg3+
23.Bg2 Bh5 24.Qc2 Bxd1 25.Qxd1 Rad8 26.Qe2 Rd6 27.Rf1 Qg6 28.Kh2 Rd5 29.Rf4 f5
30.Qf2 Qf6 31.Bf1 g5 32.Qg3 Kf8 33.Rf2 b5 34.Be2 Ke7 35.Bd1 Qg6 36.Bb3 Rd6
37.Qe5+ Kd8 38.Qxf5 Qh5 39.Bf7  1-0

[Event "37th Olympiad w"]
[Site "Turin ITA"]
[Date "2006.05.24"]
[Round "4"]
[White "Radziewicz,I"]
[Black "Houska,Jo"]
[Result "0-1"]
[WhiteElo "2439"]
[BlackElo "2378"]

1.d4 d5 2.c4 c6 3.Nc3 Nf6 4.e3 e6 5.Nf3 Nbd7 6.Qc2 Bd6 7.g4 h6 8.Rg1 Qe7
9.Bd2 b6 10.h4 Bb4 11.O-O-O Bb7 12.Kb1 Bxc3 13.Bxc3 Ne4 14.Bd3 Nxc3+ 15.Qxc3 O-O-O
16.g5 hxg5 17.cxd5 exd5 18.hxg5 Kb8 19.Bf5 g6 20.Bg4 Rh7 21.Ka1 Ka8 22.Rc1 Nb8
23.a4 a5 24.Qa3 Qc7 25.Rh1 Rhh8 26.Ne5 Na6 27.f4 Nb4 28.Qc3 Qe7 29.Bf3 Qe6
30.Bg4 Qe7 31.Qd2 c5 32.Rxh8 Rxh8 33.dxc5 bxc5 34.Nd3 c4 35.Nxb4 Qxb4 36.Qc2 Re8
37.Bd7 Rxe3 38.Bb5 c3 39.Ka2 d4 40.b3 Be4 41.Qh2 d3 42.Qh8+ Ka7 43.Qxc3 Re2+
44.Kb1 d2+  0-1

[Event "3rd All-China Games"]
[Site "Suzhou CHN"]
[Date "2006.05.25"]
[Round "9"]
[White "Xu Jun"]
[Black "Ruan Lufei"]
[Result "0-1"]
[WhiteElo "2591"]
[BlackElo "2370"]

1.d4 d5 2.c4 c6 3.Nc3 Nf6 4.e3 e6 5.Nf3 Nbd7 6.Bd3 dxc4 7.Bxc4 b5 8.Bd3 a6
9.e4 c5 10.e5 cxd4 11.Nxb5 Ng4 12.Qa4 Qb6 13.O-O Bb7 14.Nbxd4 Bc5 15.Nxe6 Bxf2+
16.Kh1 Qxe6 17.Ng5 Qd5 18.Qxg4 Qxd3 19.Rxf2 Nxe5 20.Qa4+ Bc6 21.Qf4 O-O 22.Be3 Ng6
23.Qd4 Rad8 24.Qxd3 Rxd3 25.Bc5 Rfd8 26.Nf3 f6 27.Kg1 Bxf3 28.Rxf3 Rxf3 29.gxf3 Rd2
30.b4 Ne5 31.a4 Nxf3+ 32.Kf1 Rxh2 33.Ra3 Nd2+ 34.Ke1 Ne4 35.Be3 Rc2 36.b5 axb5
37.axb5 Rb2 38.b6 h5 39.Ra7 Rb1+ 40.Ke2 Nc3+ 41.Kd2 Nd5 42.b7 Nxe3 43.Ra8+ Kh7
44.b8=Q Rxb8 45.Rxb8 Ng4  0-1

[Event "37th Olympiad w"]
[Site "Turin ITA"]
[Date "2006.05.25"]
[Round "5"]
[White "Bjerke,S"]
[Black "Khaziyeva,D"]
[Result "1/2-1/2"]
[WhiteElo "2161"]
[BlackElo "2103"]

1.d4 d5 2.c4 c6 3.Nc3 Nf6 4.e3 e6 5.Nf3 Nbd7 6.Bd3 dxc4 7.Bxc4 b5 8.Bd3 Bb7
9.O-O a6 10.e4 c5 11.d5 exd5 12.exd5 Bd6 13.Re1+ Kf8 14.Bg5 h6 15.Bh4 g5
16.Bg3 Bxg3 17.hxg3 Nb6 18.Qc2 c4 19.Be4 b4 20.d6 Bxe4 21.Nxe4 Nxe4 22.Qxe4 Qxd6
23.Rad1 Qf6 24.Nd4 Rd8 25.Nf5 Kg8 26.Rxd8+ Qxd8 27.Qe5 f6 28.Qe6+ Kf8 29.Nd6 Rh7
30.Qf5 Qxd6 31.Qxh7 Qd7 32.Qxh6+ Kf7 33.Qh7+ Kf8 34.Qg6 Nd5 35.Qe4 Qc6 36.Rd1 Ne7
37.Qh7 Qc7 38.Rd4 c3 39.bxc3 bxc3 40.Qc2 Qc6 41.Rd8+ Kg7 42.Rd3 Nd5 43.Rf3 Qc4
44.Rd3  1/2-1/2

[Event "37th Olympiad w"]
[Site "Turin ITA"]
[Date "2006.05.29"]
[Round "8"]
[White "Bashkite,V"]
[Black "Perez Rodriguez,Je"]
[Result "1-0"]
[WhiteElo "2205"]
[BlackElo "2263"]

1.d4 d5 2.c4 c6 3.Nc3 Nf6 4.e3 e6 5.Nf3 Nbd7 6.Bd3 dxc4 7.Bxc4 b5 8.Bd3 Bb7
9.O-O b4 10.Na4 Be7 11.Bd2 O-O 12.Rc1 Rc8 13.Qe2 Qa5 14.b3 c5 15.Rfd1 Rfd8
16.Be1 cxd4 17.exd4 Bd6 18.Rxc8 Rxc8 19.Nb2 Qh5 20.h3 Nd5 21.Bd2 Bf4 22.Nc4 Bxd2
23.Nfxd2 Qxe2 24.Bxe2 Nc3 25.Re1 Nxe2+ 26.Rxe2 Nf6 27.Re5 Bd5 28.f3 Rc6 29.a4 bxa3
30.Nxa3 Rc1+ 31.Kf2 Ra1 32.Nac4 Ra2 33.Re2 Ne8 34.Ne3 Nc7 35.Ndc4 Ra1 36.Rc2 h6
37.Nd6 Ra6 38.Rxc7 Rxd6 39.Nxd5 Rxd5 40.Rxa7 Rxd4 41.Ke3 e5 42.Ra8+ Kh7 43.Ra4 Rd1
44.Ke4 f6 45.f4 exf4 46.Rd4 Rg1 47.Rd2 Rb1 48.Rd3 Rb2 49.Kd4 Rxg2 50.b4 Rg3
51.Rxg3 fxg3 52.Ke3 Kg6 53.b5 Kg5 54.Kf3 Kh4 55.b6 Kxh3 56.b7 g5 57.b8=Q g4+
58.Kf4 h5 59.Qb7 g2 60.Qb3+ Kh2 61.Qg3+ Kh1 62.Qh4+ Kg1 63.Kg3  1-0

[Event "37th Olympiad w"]
[Site "Turin ITA"]
[Date "2006.05.30"]
[Round "9"]
[White "Zhao Xue"]
[Black "Kosteniuk,A"]
[Result "1/2-1/2"]
[WhiteElo "2423"]
[BlackElo "2540"]

1.d4 d5 2.c4 c6 3.Nc3 Nf6 4.Nf3 e6 5.e3 Nbd7 6.Qc2 Bd6 7.b3 O-O 8.Be2 Re8
9.O-O dxc4 10.bxc4 e5 11.Rd1 exd4 12.exd4 Nf8 13.h3 h6 14.Rb1 Rb8 15.Be3 a6
16.Bd3 Qc7 17.c5 Bf4 18.Bxf4 Qxf4 19.Ne5 Qg5 20.Qd2 Ne6 21.Qxg5 hxg5 22.Bc4 Nd7
23.Ne4 Nxe5 24.dxe5 Re7 25.Rd6 Ra8 26.Rb3 a5 27.a4 Kf8 28.Rg3 Bd7 29.Nxg5 Nxg5
30.Rxg5 Be8 31.e6 f6 32.Rg3 b5 33.cxb6 Rb8 34.Rd4 Rxb6 35.Rd8 Rb4 36.Bb3 Rc7
37.Ra8 g5 38.Rxa5 c5 39.Rc3 Ke7 40.Bc2 Kxe6 41.Ra8 Kf7 42.a5 Ba4 43.Bf5 c4
44.a6 Bd7 45.Bxd7 Rxd7 46.Ra3 Rb3 47.Ra1 c3 48.a7 c2 49.Rf8+ Kxf8 50.a8=Q+ Kg7
51.Kh2 Rb1 52.Qc8 Rxa1 53.Qxd7+ Kh6 54.Qc6 c1=Q 55.Qxf6+ Kh7 56.Qf7+  1/2-1/2

[Event "37th Olympiad w"]
[Site "Turin ITA"]
[Date "2006.05.31"]
[Round "10"]
[White "Mira,H"]
[Black "Sanchez Castillo,S"]
[Result "0-1"]
[WhiteElo "2140"]
[BlackElo "2176"]

1.d4 d5 2.c4 c6 3.Nc3 Nf6 4.Nf3 e6 5.e3 Nbd7 6.Bd3 dxc4 7.Bxc4 b5 8.Bd3 b4
9.Na4 Bb7 10.O-O Rc8 11.e4 Be7 12.e5 Nd5 13.Be3 c5 14.Nxc5 Nxc5 15.dxc5 Nxe3
16.fxe3 Bxc5 17.Bb5+ Ke7 18.Qe1 Qb6 19.Qh4+ Kf8 20.Bd7 Rd8 21.Bxe6 Bxe3+
22.Kh1 fxe6 23.Ng5+ Ke8 24.Ne4 Qc6 25.Qh3 Rf8 26.Nd6+ Rxd6 27.exd6 Rxf1+
28.Rxf1 Kd7 29.Rf7+ Kxd6 30.Qg3+ e5 31.Rf1 Bh6 32.Rd1+ Ke6 33.Qb3+ Kf6 34.Rf1+ Bf4
35.Qh3 Qc2 36.Qh4+ Kf7 37.Qg4 Bc6 38.Rg1 g6 39.h4 h5 40.Qh3 Qf2 41.Rd1 Ke7
42.a3 b3 43.a4 Qg3 44.Qxg3 Bxg3 45.Rd3 Bxh4 46.Rxb3 Bf2 47.a5 e4 48.Rc3 Kd6  0-1

[Event "21st Schachtage"]
[Site "Hassloch GER"]
[Date "2006.06.02"]
[Round "1"]
[White "Fuchs,Al"]
[Black "Boidman,Y"]
[Result "0-1"]
[WhiteElo "2087"]
[BlackElo "2439"]

1.d4 d5 2.Nf3 Nf6 3.c4 c6 4.e3 e6 5.Nc3 Nbd7 6.Bd3 dxc4 7.Bxc4 b5 8.Bd3 a6
9.O-O c5 10.a4 b4 11.Ne4 Bb7 12.Nxf6+ Nxf6 13.Qe2 cxd4 14.exd4 Be7 15.Be3 O-O
16.Ne5 Qd5 17.f3 a5 18.Rfe1 Qd6 19.Bf2 Rfc8 20.Kh1 Ba6 21.Nc4 Qd8 22.Rac1 Nd5
23.Qe4 g6 24.Bg3 Bg5 25.f4 Bf6 26.Ne5 Bxe5 27.fxe5 Bxd3 28.Qxd3 Qg5 29.Rc5 h5
30.Qe4 Qd2 31.b3 Rxc5 32.dxc5 Rc8 33.Qc4 g5 34.Qc1 Qxc1 35.Rxc1 Nc3 36.Bf2 Kf8
37.Re1 Rd8 38.c6 Ke8 39.Bb6 Ra8 40.Be3 g4 41.h3 Rc8 42.hxg4 hxg4 43.Kh2 Rxc6
44.Kg3 Nd5 45.Rc1 Rc3 46.Rxc3 bxc3 47.Kf2 Kd7 48.Bd4 c2 49.Bb2 g3+ 50.Kxg3 Nb4  0-1

[Event "37th Olympiad w"]
[Site "Turin ITA"]
[Date "2006.06.02"]
[Round "11"]
[White "Radziewicz,I"]
[Black "Reizniece,D"]
[Result "1-0"]
[WhiteElo "2439"]
[BlackElo "2287"]

1.d4 d5 2.Nf3 Nf6 3.c4 e6 4.Nc3 c6 5.e3 a6 6.a3 dxc4 7.Bxc4 c5 8.O-O b5 9.Ba2 Bb7
10.Qe2 cxd4 11.exd4 Be7 12.Bg5 O-O 13.Rad1 Nd5 14.Bxe7 Nxe7 15.Ne5 Nd5 16.f4 Nxc3
17.bxc3 Bd5 18.f5 Nd7 19.Bxd5 exd5 20.Nc6 Re8 21.Qf3 Qc7 22.Qxd5 Rac8 23.Nb4 Nf6
24.Qf3 a5 25.Nd5 Nxd5 26.Qxd5 Qxc3 27.f6 gxf6 28.Qxb5 Qxa3 29.Rd3 Qd6 30.Qh5 Rc2
31.Rg3+ Kf8 32.Qh6+ Ke7 33.Rxf6 Rc1+ 34.Qxc1 Qxf6 35.Qc5+ Kd7 36.Qa7+ Kd8
37.Qxa5+ Kd7 38.Qa7+ Kd8 39.Qb8+ Kd7 40.Qb7+ Kd8 41.Qd5+ Ke7 42.Re3+ Kf8
43.Qc5+  1-0

[Event "37th Olympiad w"]
[Site "Turin ITA"]
[Date "2006.06.02"]
[Round "11"]
[White "Schuurman,P"]
[Black "Pham Bich Ngoc"]
[Result "1/2-1/2"]
[WhiteElo "2258"]
[BlackElo "2080"]

1.d4 d5 2.c4 c6 3.Nc3 Nf6 4.e3 e6 5.Nf3 Nbd7 6.Bd3 dxc4 7.Bxc4 b5 8.Be2 b4
9.Na4 Qa5 10.O-O Nb6 11.Nc5 Bxc5 12.dxc5 Qxc5 13.a3 a5 14.axb4 axb4 15.Rxa8 Nxa8
16.Bd2 Nc7 17.Qa4 Ncd5 18.Rc1 Qe7 19.Qxc6+ Bd7 20.Qa8+ Qd8 21.Qxd8+ Kxd8
22.Ng5 Ke8 23.Ra1 Nb6 24.Bxb4 h6 25.Nf3 Nfd5 26.Bc5 Na4 27.Bd4 f6 28.Bd1 e5
29.Bxa4 exd4 30.Nxd4 Bxa4 31.Rxa4 Kf7 32.h4 Rb8 33.b3 Rb7 34.h5 Nc3 35.Rc4 Nb1
36.Rc2 Na3 37.Rc1 Nb5 38.Nc6 Ke8 39.Rd1 Nc3 40.Rd8+ Kf7 41.Nd4 Ne4 42.f3 Nc5
43.Kf2 Nxb3 44.Nxb3 Rxb3 45.Rd7+ Kf8 46.g4 Ra3 47.e4 Rb3 48.Kg3 Ra3 49.Kf4 Rb3
50.Kf5 Rxf3+ 51.Kg6 Rf4 52.Rf7+ Ke8 53.g5 Rxe4 54.Rxg7 fxg5 55.Kxh6 Re7 56.Kh7 g4
57.h6 g3 58.Kh8 Kf8 59.Rxg3 Rf7 60.Rg8+ Ke7 61.Rg6 Kf8 62.Rg8+ Ke7 63.Ra8 Rf8+
64.Rxf8 Kxf8 65.Kh7 Kf7 66.Kh8 Kf8 67.h7 Kf7  1/2-1/2

[Event "37th Olympiad w"]
[Site "Turin ITA"]
[Date "2006.06.03"]
[Round "12"]
[White "Hamrakulova,Y"]
[Black "Coimbra,M"]
[Result "1-0"]
[WhiteElo "2187"]
[BlackElo "2070"]

1.d4 d5 2.Nf3 Nf6 3.c4 c6 4.Nc3 e6 5.e3 a6 6.Qc2 c5 7.cxd5 exd5 8.dxc5 Bxc5
9.Be2 Qe7 10.O-O O-O 11.a3 Nc6 12.b4 Ba7 13.Rd1 Rd8 14.h3 d4 15.exd4 Nxd4
16.Nxd4 Bxd4 17.Bb2 Be6 18.Bf3 Rac8 19.Rac1 Bxc3 20.Rxd8+ Qxd8 21.Bxc3 Nd5
22.Qd2 Nxc3 23.Qxd8+ Rxd8 24.Rxc3 b6 25.Rc6 Rb8 26.Be2 Bc8 27.Bc4 a5 28.Rc7 Be6
29.Bxe6 fxe6 30.Re7 axb4 31.axb4 Kf8 32.Rxe6 Kf7 33.Rc6 b5 34.Rc5 Rb7 35.f4 Ke6
36.Kf2 Rf7 37.Ke3 Rb7 38.Ke4 Kd6 39.g4 Ke6 40.Rc6+ Kf7 41.Rc5 Ke6 42.h4 Kd6
43.f5 Re7+ 44.Kf4 Rb7 45.Kg5 Ke7 46.h5 Kf7 47.h6 Kf8 48.Rc8+ Kf7 49.Rh8 gxh6+
50.Kxh6 Kf6 51.Rxh7 Rb8 52.Kh5 Rd8 53.Rh6+ Ke5 54.f6 Ke6 55.g5 Rd5 56.Kg6 Rd8
57.f7 Ke7 58.Kg7  1-0

[Event "37th Olympiad w"]
[Site "Turin ITA"]
[Date "2006.06.04"]
[Round "13"]
[White "Macek,V"]
[Black "Hernandez,Yu"]
[Result "1/2-1/2"]
[WhiteElo "2243"]
[BlackElo "2262"]

1.c4 Nf6 2.Nc3 e6 3.d4 d5 4.e3 c6 5.Nf3 Nbd7 6.Qc2 Bd6 7.Be2 O-O 8.O-O dxc4
9.Bxc4 e5 10.a3 Qe7 11.h3 Bc7 12.Bd3 Re8 13.dxe5 Nxe5 14.Nxe5 Qxe5 15.f4 Qh5
16.Rf3 Qh4 17.Bd2 Bb6 18.Na4 Be6 19.Nxb6 axb6 20.e4 Rad8 21.Be1 Qh5 22.e5 Bd5
23.Rg3 Nd7 24.Bc3 Nc5 25.Re1 Nxd3 26.Rxd3 Qf5 27.Qd2 h5 28.Qe3 Bxg2 29.Rxd8 Rxd8
30.e6 Bd5 31.exf7+ Qxf7 32.Qg3 Rd7 33.Qg5 Be6 34.h4 Bf5 35.Re5 Bg4 36.f5 Kf8
37.Kf2 Qb3 38.Kg1 Qd1+ 39.Re1 Qd6 40.Qe3 Kg8 41.Qe8+ Kh7 42.Qe4 Qc5+ 43.Qe3 Qxe3+
44.Rxe3 Bxf5 45.Re5 Bg4 46.Kf2 Kg8 47.Ke3 Kf7 48.Kf4 Rd1 49.Re3 Rh1 50.Be1 Rh2
51.Rb3 b5 52.a4 Rh1 53.Bf2 Be2 54.Re3 Bf1 55.a5 Bc4 56.Re5 g6 57.b4 Rf1 58.Kg3 Bd5
59.Bc5 Be6 60.Re4 Rc1 61.Kf4 Rc2 62.Ke5 Rd2 63.Rf4+ Bf5 64.Bd4 Ke7 65.Bc5+ Kf7
66.Bd4 Ke7 67.Bc5+ Ke8 68.Rd4 Re2+ 69.Kf6 Re6+ 70.Kg5 Re5 71.Kf6 Rd5 72.Rf4 Kd7
73.Rd4 Kc7 74.Ke7 Re5+ 75.Kf7 Rd5 76.Ke7 Re5+ 77.Kf7 Rd5  1/2-1/2